000 01815cam a22005654i 4500
003 PE-LiUPU
005 20250731170416.0
008 150623s1983 bl a rb 000 0 por d
035 _a(Sirsi) a22132
040 _aPE-LiUPU
_bspa
_cPE-LiUPU
_dPE-LiUPU
_erda
049 _aPRUA
082 0 4 _a153.7
_bR84
_221
100 1 _aRosa, Merval,
_eautor.
245 1 0 _aPsicología evolutiva :
_bpsicología da adolescência /
_cMerval Rosa.
264 1 _aPetrópolis, RJ :
_bEditora Vozes,
_c1983.
300 _a133 páginas :
_bilustraciones ;
_c21 centímetros
336 _atext
_2rdacontent
337 _aunmediated
_2rdamedia
338 _avolume
_2rdacarrier
504 _aIncluye bibliografía.
505 0 _aIdade escolar e pre-adolescencia -- Adolescencia: desenvolvimiento fisico e intelectual -- Adolescencia: desenvolvimiento psicossocial.
526 _aSEG68
526 _aSEG70
526 _aSEG69
526 _aSEG67
526 _aSEG43
526 _aP144
526 _aP143
526 _aP131
526 _aP122
526 _aP120
526 _aP117
526 _aP112
526 _aP110
526 _aP106
526 _aP101
526 _aP80
526 _aP59
526 _aP54
526 _aP35
526 _aP33
526 _aP30
650 0 4 _aPsicología del adolescente.
942 _2ddc
_cBOOK
949 _a153.7 R84 3
_wDEWEY
_c1
_i45861
_lCCODEBUL1
_mBUL
_p00.00
_r0
_sY
_tBOOK
_u2015-06-24
_xTEOLOGIA
_PP35
_0COMPRA
_o.STAFF. Colección Ciencias de la Salud
994 _aC0
_bPEPRU
596 _a1
999 _a153.7 R84 3
_wDEWEY
_c22670
_i45861
_f2021-11-3
_g5
_lCCODEBUL1
_mBUL
_p10.40
_r0
_sY
_tBOOK
_u2015-6-24
_xSALUD
_zP35
_0COMPRA
_o.STAFF. Colección Ciencias de la Salud
_d22670
980 _81
_gALBERTO SANCHEZ Responsable de Automatización